Estatutos y Reglamento : 2006.

Estatutos y Reglamento: 2006.

Bibliografske podrobnosti
Korporativna značnica: International Monetary Fund
Format: Revija
Jezik:English
Izdano: Washington, D.C. : International Monetary Fund, 2006.
Serija:By Laws, Rules and Regulations; Sixtieth Issue, May, 2006
Online dostop:Full text available on IMF
LEADER 01100cas a2200241 a 4500
001 AALejournalIMF014471
008 230101c9999 xx r poo 0 0eng d
020 |z 9781589065758 
022 |a 0250-7323 
040 |a BD-DhAAL  |c BD-DhAAL 
110 2 |a International Monetary Fund. 
240 1 0 |a Estatutos y Reglamento: 2006.  |l Spanish 
245 1 0 |a Estatutos y Reglamento :   |b 2006. 
264 1 |a Washington, D.C. :  |b International Monetary Fund,  |c 2006. 
300 |a 1 online resource (70 pages) 
490 1 |a By Laws, Rules and Regulations 
500 |a <strong>Off-Campus Access:</strong> No User ID or Password Required 
500 |a <strong>On-Campus Access:</strong> No User ID or Password Required 
506 |a Electronic access restricted to authorized BRAC University faculty, staff and students 
520 3 |a Estatutos y Reglamento: 2006. 
538 |a Mode of access: Internet 
830 0 |a By Laws, Rules and Regulations; Sixtieth Issue, May, 2006 
856 4 0 |z Full text available on IMF  |u http://elibrary.imf.org/view/books/016/00937-9781589065758-es/00937-9781589065758-es-book.xml  |z IMF e-Library